Statystyki dla Siatka połączeń na lato 2023 z lotniska Rzeszów-Jasionka

Kliknij tutaj aby rozwiązać quiz!

Ogólne statystyki

  • Ten quiz został rozwiązany 52 razy
  • Średni wynik to 16 z 32

Statystyki odpowiedzi

HintOdpowiedź% Poprawnych
RyanairLondyn-Luton
89%
LOTWarszawa
89%
WizzAirRzym
87%
RyanairLondyn-Stansted
85%
LufthansaMonachium
81%
LOTGdańsk
79%
RyanairDublin
70%
CorendonAntalya
62%
PegasusAntalya
62%
Enter AirAntalya
62%
Mavi GokAntalya
62%
FreebirdAntalya
62%
SkyUpAntalya
62%
LOTNowy Jork
62%
Air MontenegroPodgorica
60%
RyanairManchester
57%
European Air CharterBurgas
49%
SmartwingsRodos
47%
Ryanair/BuzzRodos
47%
SkyUpHurghada
45%
RyanairZadar
40%
RyanairBristol
36%
Ryanair/BuzzTirana
34%
PegasusBodrum
32%
Sky ExpressHeraklion
32%
Ryanair/BuzzHeraklion
32%
Ryanair/BuzzZakynthos
26%
SkyUpMarsa Alam
23%
SkyUpSharm El Sheikh
23%
RyanairEast Midlands
21%
RyanairNottingham
15%
Sky ExpressKefalonia
11%

Rozkład punktacji

Percentyl według liczby udzielonych odpowiedzi

Procent ludzi z każdym wynikiem

Twoja historia wyników

Nie rozwiązałeś tego quizu